| LEADER |
01924njm0a2200409 450 |
| 001 |
16868017 |
| 010 |
|
|
|a 0602445643158
|
| 071 |
|
|
|a 4564315
|b Romance musique
|
| 100 |
|
|
|a 20220617d2026 u u0frey01 ba
|
| 101 |
0 |
|
|a fre
|
| 200 |
0 |
|
|a Brûler le feu
|f Juliette Armanet
|g SebastiAn
|
| 205 |
|
|
|a Simple LP couleur
|
| 207 |
|
1 |
|a
|
| 210 |
|
|
|a France
|c Romance musique
|d C 2022
|
| 215 |
|
|
|a 1 vinyle 33 T 30 cm
|c 00:45
|e 1
|
| 327 |
|
|
|a Le dernier jour du disco,Qu'importe,Tu me play,Boum boum baby,Je ne pense qu'à ça,Vertigo,HB2U,Le rouge aux joues,L'épine,J'te le donne,Sauver ma vie,Imaginer l'amour,Brûler le feu,Le dernier jour du disco,Qu'importe,Tu me play,Boum boum baby,Je ne
|
| 330 |
|
|
|a Pour son nouvel album, Soolking décide de reprendre le tube d'Elvis Crespo 'Suavemente' pour nous proposer un nouveau titre ultra entêtant et fera danser tout l'été. Une fois n'est pas coutume cet album accueillera également de nombreux featuring de prestige. Soolking ne cesse de dévoiler des projets qui le placent aujourd'hui comme l'un des artistes les plus remarquables de la scène urbaine. Avec un univers unique à luiet un style qui mêle des sonorités rap et rai, l'artiste algérien a su se faire une vraie place très rapidement.
|
| 464 |
|
|
|a Le dernier jour du disco
|
| 464 |
|
|
|a Qu'importe
|
| 464 |
|
|
|a Tu me play
|
| 464 |
|
|
|a Boum boum baby
|
| 464 |
|
|
|a Je ne pense qu'à ça
|
| 464 |
|
|
|a SebastiAn
|
| 464 |
|
|
|a HB2U
|
| 464 |
|
|
|a Le rouge aux joues
|
| 464 |
|
|
|a L'épine
|
| 464 |
|
|
|a J'te le donne
|
| 464 |
|
|
|a Sauver ma vie
|
| 464 |
|
|
|a Imaginer l'amour
|
| 464 |
|
|
|a Brûler le feu
|
| 606 |
0 |
|
|a Musique populaire -- France
|
| 607 |
|
|
|a France
|
| 676 |
|
|
|a 8
|
| 700 |
|
0 |
|a Armanet
|b Juliette
|4 590
|
| 702 |
|
0 |
|a SebastiAn
|4 590
|
| 900 |
|
|
|a Documentaire
|
| 995 |
|
|
|a Médiathèque
|c Médiathèque
|f 00156010265270
|h 00156010265270
|k 8 ARM
|o p
|q a
|r je
|e Médiathèque
|